Construction industry urged to take on apprentices (Record no. 78850)

MARC details
000 -LEADER
fixed length control field 01159cad a22002175a 4500
001 - CONTROL NUMBER
control field L138392
008 - FIXED-LENGTH DATA ELEMENTS--GENERAL INFORMATION
fixed length control field 070604e20070525xxk f 000 0 eng d
035 ## - SYSTEM CONTROL NUMBER
System control number (Sirsi) u138392
041 0# - LANGUAGE CODE
Language code of text/sound track or separate title eng
110 2# - MAIN ENTRY--CORPORATE NAME
Corporate name or jurisdiction name as entry element CITB-ConstructionSkills
9 (RLIN) 4992
245 00 - TITLE STATEMENT
Title Construction industry urged to take on apprentices
Medium [electronic resource]
260 ## - PUBLICATION, DISTRIBUTION, ETC.
Date of publication, distribution, etc. 2007
490 #0 - SERIES STATEMENT
Series statement CITB-ConstructionSkills Press Release
Volume/sequential designation 25 May 2007
520 ## - SUMMARY, ETC.
Summary, etc. ConstructionSkills figures reveal that in 2006 England?s construction industry lost out on around 12 000 recruits due to a lack of vacancies offered by employers. Many companies still believe that taking on an apprentice is expensive or that apprentices will drop out, but in fact over 70% of ConstructionSkills apprentices have some of the best completion rates in the industry. ConstructionSkills is urging the industry to acknowledge this and offer more apprenticeship placements in 2007.
590 ## - LOCAL NOTE (RLIN)
Local note KA
651 #4 - SUBJECT ADDED ENTRY--GEOGRAPHIC NAME
Geographic name England
Chronological subdivision 886-
690 ## - LOCAL SUBJECT ADDED ENTRY--TOPICAL TERM (OCLC, RLIN)
Topical term or geographic name as entry element CAREERS, TRAINING AND EDUCATION
690 ## - LOCAL SUBJECT ADDED ENTRY--TOPICAL TERM (OCLC, RLIN)
Topical term or geographic name as entry element BUILT ENVIRONMENT
856 40 - ELECTRONIC LOCATION AND ACCESS
Uniform Resource Identifier <a href="https://www.citb.co.uk/news/">https://www.citb.co.uk/news/</a>
Public note View the item free of charge at www.citb.co.uk...
942 ## - ADDED ENTRY ELEMENTS (KOHA)
Suppress in OPAC 0
Holdings
Withdrawn status Lost status Source of classification or shelving scheme Damaged status Not for loan Home library Current library Shelving location Date acquired Total Checkouts Full call number Barcode Date last seen Copy number Price effective from Koha item type
    Dewey Decimal Classification     Virtual Virtual Online 04/06/2007   ONLINE PUBLICATION 138392-2001 06/08/2019 1 06/08/2019 Journal article